01897nam a22002537a 450000500170000000800430001702000180006004000070007804100120008508200210009710000330011824500800015126000460023130000260027736500370030344000290034052009890036965000320135865000240139070000350141494200120144999900190146195201630148020230308112958.0230306b ||||| |||| 00| 0 eng d a9789351480709 cAL aEnglish 223a201.65bPANI aKuruvilla Pandikattu 974587 aInsights from Reason and Religion : In Arrangement with Financial Chronicle aNew DelhibChristian World Imprintsc2015 a229 p.bPBc21x14 cm. a02302c₹d₹390.00f1-12-2022 aMy Sacred Bull -2974166 aToday more and more people are getting convinced that the future humanity depends on how science and religion can collaborate with each other. This book contains short articles on reason (science) and religion (spirituality) meant for a general audience, who may or may not be organisationally religious. They are meant to inspire a band of young and old women and men to think deeply about themselves, leading to deeper insights and wisdom. It is the author's conviction that genuine spirituality is open-ended and reaches to the other in love and compassion. Open-minded and visionary, these articles are meant to touch the daily life of busy people who are fully involved in the struggle and success of daily life. So, the articles are limited to 625 words. They attempt to enhance the precious and vulnerable life by reaching out to others. It assumes that only when we can maintain the healthy tension between the spiritual and material aspects of life, we become more authentic. aReligion and Science974167 aSpiritualism974168 aPANDIKATTU (Kuruvilla )974169 2ddccBK c226892d226892 00102ddc40708OTHaALbALd2023-03-02ePapal Seminary Pune Maharashtra 411014g390.00l0o201.65 PANIp076451r2023-03-06 00:00:00v390.00w2023-03-06yBK